Gaming Quiz

Random Gaming Quiz

Sims 2 Expansion and Stuff Packs Quiz Stats

 Plays Quiz not verified by Sporcle

Challenge
Share
Tweet
Embed
Score 0/16 Timer 04:00
0 Plays Today
Pack % Correct
University
91.3%
Nightlife
89.1%
Pets
89.1%
Open for Business
84.8%
Seasons
80.4%
Apartment Life
76.1%
H&M
73.9%
Bon Voyage
71.7%
Pack % Correct
Freetime
67.4%
Glamour Life
63%
Ikea
63%
Family Fun
60.9%
Celebration
58.7%
Kitchen and Bath
56.5%
Teen Style
54.3%
Mansion and Garden
47.8%

You're not logged in!

Compare scores with friends on all Sporcle quizzes.
Join for Free
OR
Log In

You Might Also Like...

Show Comments

Extras

Top Quizzes Today


Score Distribution

Your Account Isn't Verified!

In order to create a playlist on Sporcle, you need to verify the email address you used during registration. Go to your Sporcle Settings to finish the process.

Report this User

Report this user for behavior that violates our Community Guidelines.

Details: